Alasia /
محفوظ في:
مؤلف مشترك:
مؤلفون آخرون: ,
التنسيق: كتاب
اللغة: French
سلاسل:
Recherche sur les grandes civilisations ;
2.
الموضوعات:
الوسوم: إضافة وسم
لا توجد وسوم, كن أول من يضع وسما على هذه التسجيلة!
رقم الطلب: ( F )DS54.95 .E54 A43 v.2
| LEADER | 01336namaa2200325 4500 | ||
|---|---|---|---|
| 001 | 16596 | ||
| 003 | OSt | ||
| 005 | 20210807071239.0 | ||
| 008 | 130303s1981 fr a g b 001 0 fre d | ||
| 952 | |0 0 |1 0 |2 lcc |3 V.2 |4 0 |7 1 |9 17473 |a ARCE |b ARCE |d 2021-08-07 |l 0 |o ( F )DS54.95 .E54 A43 v.2 |p 1032802 |r 2021-08-07 00:00:00 |w 2021-08-07 |y BK | ||
| 999 | |c 14337 |d 14337 | ||
| 010 | |a 72366293 | ||
| 040 | |c ARCE Library | ||
| 043 | |a a-cy--- | ||
| 050 | 0 | 4 | |a ( F )DS54.95 .E54 A43 v.2 |
| 245 | 0 | 0 | |a Alasia / |c Jacques-Claude Courtois, Claude F.-A. Schaeffer. |
| 264 | 1 | |a Paris : |b Mission archéologique d'Alasia, |c 1981. | |
| 300 | |a volume < 2 > : |b illustrations ; |c 34 cm. | ||
| 490 | 1 | |a Recherche sur les grandes civilisations ; |v 2. | |
| 500 | |a volume 2 : Recherche sur les grandes civilisations | 2. Les tombes d'Enkomi, le mobilier funeraire : fouilles C. F.-A. Schaeffer, 1947-1965. | ||
| 504 | |a Includes bibliographies and indexes. | ||
| 650 | 0 | |a Enkomi Site (Cyprus) |9 1197 | |
| 650 | 0 | |a Excavations (Archaeology) |z Cyprus. | |
| 651 | 0 | |a Cyprus |x Antiquities. | |
| 700 | 1 | |a Courtois, Jacques-Claude. |9 28374 | |
| 700 | 1 | |a Schaeffer, Claude F.-A. |q (Claude Frédéric-Armand), |d 1898-1982. |9 39342 | |
| 710 | 2 | |a Mission archéologique d'Alasia. | |
| 830 | 0 | |a Recherche sur les grandes civilisations ; |v 2. | |
| 901 | |a reviewed | ||
| 942 | |c BK |2 lcc | ||
